000 00649nam a2200217Ia 4500
003 OSt
005 20230403110316.0
008 210423s2017 xx 000 0 und d
020 _a978-0-12-811290-8
040 _cAL
041 _aeng
082 _a663.93
_223
_bGALH
100 _aGALANAKIS (Charis M) Ed
_982395
245 _aHandbook of coffee processing by products: sustainable applications
260 _aLondon
_bAcademic Press
_c2017
300 _axvii,407
_bPB
365 _b10260
_cUSD
650 _aBeverage Technology
_982396
906 _aapplications ; coffee ; Handbook ; processing ; products: ; sustainable
942 _2ddc
_cBK
999 _c169060
_d169060